000 00419nam a2200181Ia 4500
005 20240823011924.0
008 240823s9999||||xx |||||||||||||| ||und||
041 _aENGLISH
082 _A629.83 P0
100 _a"Djaferis,Theodore E"
245 0 _aAutomatic Control
250 _a1st
260 _c2000
_b"Brooks,London"
500 _aYES
650 _aElectronics
_bElectronics
942 _cBK
999 _c162921
_d162921